| 000 | 00612nam a22002057a 4500 | ||
|---|---|---|---|
| 003 | BD-DhJNU | ||
| 005 | 20250309040334.0 | ||
| 008 | 250309b |||||||| |||| 00| 0 eng d | ||
| 020 | _a9780761933830 | ||
| 020 | _a9788178295251 | ||
| 040 |
_aBD-DhJNU _bENG _cBD-DhJNU _dBD-DhJNU |
||
| 082 |
_223 _a300.72 |
||
| 100 | _aSingh, Kultar | ||
| 245 |
_aQuantitative social research methods / _cKultar Singh |
||
| 260 |
_aLos Angeles : _bSage Publications, _c2007. |
||
| 300 |
_a431 p. : _bill. ; _c24 cm. |
||
| 504 | _aincludes bibliographical reference and index | ||
| 650 | _aSocial research | ||
| 942 |
_2ddc _cBK _n0 |
||
| 999 |
_c1459 _d1459 |
||